| LEADER |
00726nam0a2200217 450 |
| 001 |
16839649 |
| 010 |
|
|
|a 979-10-347-5303-1
|b rel.
|d 12,5
|
| 100 |
|
|
|a 20211012d2021 u u0frey01 ba
|
| 101 |
0 |
|
|a fre
|
| 102 |
|
|
|a BE
|
| 200 |
0 |
|
|a plumes d'aigle douce (Les)
|f dessin et couleurs, Gijé
|g scénario, Carbone
|
| 207 |
|
1 |
|a
|
| 210 |
|
|
|a Paris
|b 57, bd de La Villette
|c Dupuis
|d 2021
|
| 215 |
|
|
|a 1 vol. (56 p.)
|c ill. en coul.
|d 30 cm
|
| 225 |
1 |
|
|v 5
|
| 461 |
|
0 |
|t La boîte à musique
|v 5
|
| 700 |
|
0 |
|a Gijé
|f 1988-....
|4 440
|
| 702 |
|
0 |
|a Carbone
|f 1973-....
|4 70
|
| 900 |
|
|
|a Bande Dessinée enfant ado
|
| 901 |
|
|
|a Accessible au prêt
|
| 995 |
|
|
|a Bibliothèque
|c Bibliothèque
|f 024022529
|h 024022529
|k BD CAR
|o p
|q j
|r az
|e Bibliothèque
|